Biggest Airports in Canada - Statistics

General Stats
  • This quiz has been taken 14 times
  • The average score is 9 of 27
Answer Stats
Province Total Passengers Answer % Correct
Ontario 46,800,000 Toronto Pearson International Airport
100%
British Colombia 26,205,801 Vancouver International Airport
50%
Alberta 18,895,684 Calgary International Airport
42%
Ontario 4,606,824 Ottawa Macdonald-Cartier International Airport
42%
Saskatchewan 1,082,450 Regina International Airport
42%
Saskatchewan 1,469,224 Saskatoon John G. Diefenbaker International Airport
42%
Newfoundland and Labrador 1,380,300 St. John's International Airport
42%
British Colombia 1,872,033 Victoria International Airport
42%
Ontario 1,894,003 Billy Bishop Toronto City Airport
33%
Alberta 7,919,690 Edmonton International Airport
33%
Nova Scotia 3,979,785 Halifax Stanfield International Airport
33%
Ontario 324,336 John C. Munro Hamilton International Airport
33%
British Colombia 2,133,582 Kelowna International Airport
33%
Ontario 335,473 London International Airport
33%
Quebec 22,406,972 Pierre Elliot Trudeau International Airport
33%
Quebec 1,737,803 Quebec City Jean Lesage International Airport
33%
Ontario 523,210 Region of Waterloo Airport
33%
Manitoba 4,297,478 Winnipeg James Armstrong Richardson International Airport
33%
British Colombia 1,000,839 Abbotsford International Airport
25%
Prince Edward Island 410,773 Charlottetown Airport
25%
New Brunswick 661,629 Greater Moncton Romeo LeBlanc International Airport
25%
British Colombia 450,494 Prince George Airport
25%
Ontario 754,901 Thunder Bay International Airport
17%
Northwest Territories 604,000 Yellowknife Airport
17%
British Colombia 402,757 Comox Valley Airport
8%
Alberta 353,292 Fort McMurray International Airport
8%
New Brunswick 377,346 Fredericton international Airport
8%
No matching quizzes found
Score Distribution
Percent of People with Each Score
Percentile by Number Answered
Your Score History
You have not taken this quiz